000 00497nam a2200181Ia 4500
005 20250508150724.0
008 008 250505s9999 xx 000 0 eng d
037 _aTextual
040 _aFEDL
_beng
_cFEDL
041 _aeng
_2eng
084 _a372.891, MCK
_qFEDL
100 _aMcKilliam A E
_9757464
245 0 _aHighways of the world
260 _aLondon, UK
_bG Bell and Sons Ltd
_c1938
300 _aix,196p.
942 _cTEXL
_h372.891, MCK
999 _c1325267
_d1325267